Marxism after postmodernism: rethinking the emancipatory political sugject /

Kaydedildi:
Detaylı Bibliyografya
Yazar: Filc, Dani
Diğer Yazarlar: Ram, Uri
Materyal Türü: Metin
Etiketler: Etiketle
Etiket eklenmemiş, İlk siz ekleyin!

MARC

LEADER 00000 a a2200000 04500
001 47219
003
040
100 |a Filc, Dani  
245 |a Marxism after postmodernism:   |b rethinking the emancipatory political sugject /  |c Dani Filc, Uri Ram  
700 |a Ram, Uri  
773 |g volumen62, número3, (2014), páginas 295-313  
999 |c 26585  |d 26585